Getting started in online day trading : Kassandra Bentley.

Bibliographic Details
Main Author: Bentley, Kassandra
Format: Book
Language:English
Published: New York : John Wiley, [2000]
Series:Getting started in.
Subjects:

MARC

Tag First Indicator Second Indicator Subfields
LEADER 00000cam a22000004a 4500
001 in00001629607
005 20151023063056.0
008 000331s2000 nyua b 001 0 eng
010 |a  00038212  
020 |a 0471380172 (pbk. : alk. paper) 
035 |a (OCoLC)ocm43836604 
040 |a DLC  |c DLC  |d UtOrBLW 
042 |a pcc 
049 |a TXAS 
050 0 0 |a HG4515.95  |b .B46 2000 
082 0 0 |a 332.64/0285  |2 21 
100 1 |a Bentley, Kassandra. 
245 1 0 |a Getting started in online day trading :  |b Kassandra Bentley. 
264 1 |a New York :  |b John Wiley,  |c [2000] 
264 4 |c ©2000 
300 |a xiv, 322 pages :  |b illustrations ;  |c 24 cm. 
336 |a text  |b txt  |2 rdacontent 
337 |a unmediated  |b n  |2 rdamedia 
338 |a volume  |b nc  |2 rdacarrier 
490 1 |a The getting started in series 
504 |a Includes bibliographical references and index. 
650 0 |a Electronic trading of securities. 
650 0 |a Day trading (Securities) 
830 0 |a Getting started in. 
945 |i PromptCat 
948 |a cataloged  |b h  |c 2001/8/20  |d c  |e mphillip  |f 11:24:30 am 
994 |a 92  |b TXA 
999 |a MARS 
999 f f |s 0b104dc4-29b9-39ca-a951-15e12e56f876  |i 59f6cced-9d93-3cc3-b56c-86dc0d13fe1f  |t 0 
952 f f |p ric  |a Texas A&M University  |b Rellis Campus  |c Joint Library Facility  |d Remote Storage  |t 0  |e HG4515.95 .B46 2000  |h Library of Congress classification  |i unmediated -- volume  |m A14828038846 
998 f f |a HG4515.95 .B46 2000  |t 0  |l Remote Storage